[Event "6th Konex it"]
[Site "Buenos Aires ARG"]
[Date "1988.04.??"]
[Round "7"]
[White "Cuasnicu, Oscar"]
[Black "Szmetan, Jorge"]
[Result "0-1"]
[WhiteElo "2370"]
[BlackElo "2405"]
[EventDate "1988.04.07"]
[PlyCount "54"]

1.e4 e5 2.Nf3 Nc6 3.Bb5 f5 4.d3 fxe4 5.dxe4 Nf6 6.O-O Bc5 7.Qd3 d6 8.Nc3 
O-O 9.Be3 Bxe3 10.fxe3 Kh8 11.Rad1 Qe7 12.Bc4 Bd7 13.a3 Rad8 14.b4 Nb8 15.
Rd2 Bc8 16.Qe2 Nbd7 17.Qe1 Nb6 18.Bd3 Be6 19.Qh4 Nc4 20.Bxc4 Bxc4 21.Rfd1 
a5 22.Qg5 axb4 23.axb4 Ra8 24.Rf2 Qe8 25.Qh4 Qg6 26.Nd5 Bxd5 27.exd5 Ng4 
0-1

[Event "6th Konex it"]
[Site "Buenos Aires ARG"]
[Date "1988.04.??"]
[Round "8"]
[White "Hoffman, Alejandro"]
[Black "Cuasnicu, Oscar"]
[Result "1/2-1/2"]
[WhiteElo "2390"]
[BlackElo "2370"]
[EventDate "1988.04.07"]
[PlyCount "60"]

1.d4 Nf6 2.c4 g6 3.Nc3 Bg7 4.e4 d6 5.Nge2 Nbd7 6.Ng3 c5 7.d5 a6 8.a4 O-O 
9.Be2 Rb8 10.O-O Ne8 11.f4 Nc7 12.Be3 b5 13.axb5 axb5 14.cxb5 Nb6 15.f5 
Nd7 16.Qd2 Ne5 17.Rab1 Bd7 18.b4 c4 19.b6 Na8 20.h4 Nxb6 21.h5 Na4 22.Bd4 
Nxc3 23.Qxc3 gxf5 24.Nxf5 Bxf5 25.Rxf5 h6 26.Rbf1 Qc7 27.Kh1 e6 28.dxe6 
fxe6 29.Rxf8+ Rxf8 30.Rd1 Rf4 1/2-1/2

[Event "6th Konex it"]
[Site "Buenos Aires ARG"]
[Date "1988.04.??"]
[Round "8"]
[White "Paglilla, Carlos"]
[Black "Ricardi, Pablo"]
[Result "1/2-1/2"]
[WhiteElo "2315"]
[BlackElo "2415"]
[EventDate "1988.04.07"]
[PlyCount "113"]

1.e4 c5 2.Nf3 d6 3.d4 cxd4 4.Nxd4 Nf6 5.Nc3 g6 6.Be3 Bg7 7.f3 Nc6 8.Qd2 
O-O 9.g4 Be6 10.O-O-O Ne5 11.g5 Nh5 12.f4 Nc4 13.Nxe6 Nxd2 14.Nxd8 Nxf1 
15.Rhxf1 Rfxd8 16.Nd5 Rd7 17.Bd4 h6 18.Bxg7 Kxg7 19.gxh6+ Kxh6 20.f5 Kg7 
21.Rd2 e6 22.fxe6 fxe6 23.Nc3 Nf6 24.Rg2 Rh8 25.Rd1 Rh4 26.Rgd2 Nxe4 27.
Nxe4 Rxe4 28.Rxd6 Rxd6 29.Rxd6 Kf6 30.Rd7 Rh4 31.Rxb7 Rxh2 32.Rxa7 g5 33.
Ra8 g4 34.Rg8 Rg2 35.b4 Kf7 36.Rc8 Rf2 37.Rc4 g3 38.Rg4 g2 39.Kb2 Ke7 40.
a4 Kd6 41.a5 Rf4 42.Rxg2 Rxb4+ 43.Ka3 Rh4 44.Kb3 Kc6 45.Re2 Kb5 46.Re5+ 
Ka6 47.c4 Rh1 48.Kb4 Rb1+ 49.Kc5 Kxa5 50.Kc6+ Ka6 51.Rxe6 Rh1 52.c5 Rh7 
53.Rd6 Rg7 54.Rh6 Ka7 55.Rh1 Rg6+ 56.Kb5 Kb7 57.Ra1 1/2-1/2

[Event "6th Konex it"]
[Site "Buenos Aires ARG"]
[Date "1988.04.??"]
[Round "8"]
[White "Slipak, Sergio David"]
[Black "Urday Caceres, Henry"]
[Result "1-0"]
[WhiteElo "2395"]
[BlackElo "2425"]
[EventDate "1988.04.07"]
[PlyCount "81"]

1.d4 c5 2.d5 e5 3.e4 d6 4.Nc3 g6 5.Bb5+ Nd7 6.a4 a6 7.Be2 b6 8.Nf3 Bg7 9.
O-O Ne7 10.Be3 O-O 11.Nd2 f5 12.f3 f4 13.Bf2 g5 14.Rb1 Ng6 15.Nc4 Qc7 16.
b4 Rf7 17.bxc5 bxc5 18.a5 Bf8 19.Na4 Nf6 20.Nab6 Ra7 21.Nxc8 Qxc8 22.Rb6 
Qd8 23.Qd3 h5 24.Nd2 Rfc7 25.Qc4 g4 26.Rxa6 g3 27.hxg3 fxg3 28.Bxg3 Bh6 
29.Rd1 Nf4 30.Bh4 Rg7 31.Bf1 Ng4 32.g3 Bg5 33.Rxa7 Ne3 34.Rxg7+ Kxg7 35.
gxf4 Bxh4 36.Qe2 exf4 37.Nc4 Qg5+ 38.Bg2 Bg3 39.Nxe3 fxe3 40.Kf1 Bf2 41.f4
1-0

[Event "6th Konex it"]
[Site "Buenos Aires ARG"]
[Date "1988.04.??"]
[Round "9"]
[White "Giardelli, Sergio Carlos"]
[Black "Valiente, Cristobal"]
[Result "1-0"]
[WhiteElo "2380"]
[BlackElo "2320"]
[EventDate "1988.04.07"]
[PlyCount "76"]

1.Nf3 c5 2.c4 Nf6 3.g3 g6 4.Bg2 Bg7 5.Nc3 O-O 6.d4 d6 7.O-O Nc6 8.d5 Na5 
9.Nd2 a6 10.Qc2 Rb8 11.b3 b5 12.Bb2 bxc4 13.bxc4 e5 14.Rab1 Ng4 15.h3 Nh6 
16.e3 f5 17.Ne2 Qc7 18.Bc3 Bd7 19.Rb2 e4 20.Bxg7 Kxg7 21.Rfb1 Kg8 22.Qc3 
Rxb2 23.Rxb2 Nf7 24.f4 exf3 25.Nxf3 Re8 26.Nf4 Ne5 27.Nxe5 Rxe5 28.Kf2 Kf7
29.h4 Nb7 30.Ne6 Qa5 31.Qb3 Nd8 32.Ng5+ Kg7 33.Qb8 Qc3 34.Re2 Re8 35.Qxd6 
Ba4 36.Qc7+ Kf8 37.Qxc5+ Kg8 38.d6 Bd1 1-0

[Event "6th Konex it"]
[Site "Buenos Aires ARG"]
[Date "1988.04.??"]
[Round "9"]
[White "Milos, Gilberto"]
[Black "Urday Caceres, Henry"]
[Result "0-1"]
[WhiteElo "2510"]
[BlackElo "2425"]
[EventDate "1988.04.07"]
[PlyCount "59"]

1.d4 c5 2.d5 e5 3.e4 d6 4.Bb5+ Nd7 5.a4 a6 6.Be2 b6 7.Nc3 g6 8.Nf3 Bg7 9.
Nd2 Ne7 10.Nc4 Qc7 11.f4 O-O 12.O-O f5 13.Ra3 Bb7 14.Rb3 fxe4 15.Bg4 Nf5 
16.Nxe4 Nd4 17.Bxd7 Bxd5 18.Nexd6 Qxd7 19.Rxb6 exf4 20.Bxf4 g5 21.Ne3 Bxg2
22.Nxg2 gxf4 23.Qh5 f3 24.Ne3 Qe7 25.Ng4 Rad8 26.Qd5+ Kh8 27.c3 Qh4 28.
Nf7+ Rxf7 29.Qxf7 Qxg4+ 30.Kf2 0-1

[Event "6th Konex it"]
[Site "Buenos Aires ARG"]
[Date "1988.04.??"]
[Round "9"]
[White "Cuasnicu, Oscar"]
[Black "Ricardi, Pablo"]
[Result "1-0"]
[WhiteElo "2370"]
[BlackElo "2415"]
[EventDate "1988.04.07"]
[PlyCount "74"]

1.e4 c5 2.Nf3 d6 3.d4 cxd4 4.Nxd4 Nf6 5.Nc3 a6 6.Be2 e5 7.Nb3 Be7 8.O-O 
Be6 9.a4 Nbd7 10.Be3 O-O 11.Kh1 Rc8 12.a5 Rxc3 13.bxc3 Nxe4 14.Bd2 Qc7 15.
Bd3 Nxc3 16.Qe1 Nd5 17.c4 N5f6 18.Rc1 Re8 19.Bb4 Bf8 20.Nd2 Nc5 21.Bxc5 
dxc5 22.Rb1 Rd8 23.Qe2 Bg4 24.f3 Bc8 25.Ne4 Nh5 26.g3 Qxa5 27.f4 Qa3 28.
Bc2 g6 29.fxe5 Be6 30.g4 Ng7 31.Nf6+ Kh8 32.Be4 Qc3 33.Bd5 b5 34.Rf3 Qd4 
35.Rh3 h5 36.Rd1 Qf4 37.Rf1 Qg5 1-0

[Event "6th Konex it"]
[Site "Buenos Aires ARG"]
[Date "1988.04.??"]
[Round "10"]
[White "Valiente, Cristobal"]
[Black "Hoffman, Alejandro"]
[Result "1-0"]
[WhiteElo "2320"]
[BlackElo "2390"]
[EventDate "1988.04.07"]
[PlyCount "103"]

1.e4 c5 2.Nf3 d6 3.d4 cxd4 4.Nxd4 Nf6 5.Nc3 g6 6.Be3 Bg7 7.f3 Nc6 8.Qd2 
O-O 9.Bc4 Bd7 10.O-O-O Rc8 11.Bb3 Ne5 12.Kb1 a5 13.a3 a4 14.Nxa4 Bxa4 15.
Bxa4 Nc4 16.Qe1 Qb6 17.Bb3 Nxe3 18.Qxe3 Nd7 19.Rhe1 Rc7 20.f4 Rfc8 21.Re2 
Qa6 22.Qd3 Qb6 23.Qe3 Nc5 24.Nf3 Qb5 25.Red2 Bxb2 26.Kxb2 Na4+ 27.Ka1 Nc3 
28.Re1 Ra8 29.Kb2 Na4+ 30.Ka1 Nb6 31.Bxf7+ Kxf7 32.Qb3+ Qxb3 33.cxb3 Rxa3+
34.Kb2 Ra5 35.e5 d5 36.Nd4 e6 37.g4 Rac5 38.Re3 Nd7 39.Rh3 Nf8 40.f5 exf5 
41.gxf5 gxf5 42.Rf2 Kg8 43.Rxf5 Rg7 44.Rxf8+ Kxf8 45.Ne6+ Kf7 46.Nxc5 Rg2+
47.Kc3 Kg6 48.Rg3+ Rxg3+ 49.hxg3 Kf5 50.Kd4 b6 51.Na4 b5 52.Nc3 1-0

[Event "6th Konex it"]
[Site "Buenos Aires ARG"]
[Date "1988.04.??"]
[Round "10"]
[White "Szmetan, Jorge"]
[Black "Ricardi, Pablo"]
[Result "1/2-1/2"]
[WhiteElo "2405"]
[BlackElo "2415"]
[EventDate "1988.04.07"]
[PlyCount "64"]

1.Nf3 c5 2.c4 Nc6 3.g3 g6 4.Bg2 Bg7 5.Nc3 Nh6 6.a3 Nf5 7.Rb1 h5 8.h4 b6 9.
b4 cxb4 10.axb4 Bb7 11.O-O O-O 12.e3 Rc8 13.Qb3 a5 14.Ba3 axb4 15.Bxb4 
Nxb4 16.Qxb4 Qc7 17.Nd5 Qxc4 18.Nxe7+ Nxe7 19.Qxe7 Rfe8 20.Qb4 Qxb4 21.
Rxb4 b5 22.Nd4 Bxg2 23.Kxg2 Rc4 24.Rfb1 Bxd4 25.exd4 Re2 26.Rxc4 bxc4 27.
Rb4 d5 28.Rb5 Rxd2 29.Rxd5 Kg7 30.Kf3 Kf6 31.Ke3 Rd3+ 32.Ke4 Rd2 1/2-1/2

[Event "6th Konex it"]
[Site "Buenos Aires ARG"]
[Date "1988.04.??"]
[Round "10"]
[White "Slipak, Sergio David"]
[Black "Cuasnicu, Oscar"]
[Result "1/2-1/2"]
[WhiteElo "2395"]
[BlackElo "2370"]
[EventDate "1988.04.07"]
[PlyCount "44"]

1.e4 e5 2.Nf3 d6 3.d4 Nf6 4.Nc3 Nbd7 5.Bc4 Be7 6.O-O O-O 7.Qe2 c6 8.Rd1 
Qc7 9.a4 h6 10.h3 Re8 11.dxe5 Nxe5 12.Bb3 Bf8 13.Be3 Be6 14.Nd4 Bxb3 15.
Nxb3 Rad8 16.a5 b5 17.axb6 axb6 18.Ra6 Ned7 19.Nd2 d5 20.exd5 Nc5 21.Raa1 
Nxd5 22.Nxd5 Rxd5 1/2-1/2

[Event "6th Konex it"]
[Site "Buenos Aires ARG"]
[Date "1988.04.??"]
[Round "10"]
[White "Cifuentes Parada, Roberto"]
[Black "Giardelli, Sergio Carlos"]
[Result "0-1"]
[WhiteElo "2530"]
[BlackElo "2380"]
[EventDate "1988.04.07"]
[PlyCount "108"]

1.d4 Nf6 2.c4 e6 3.Nc3 Bb4 4.Qc2 c5 5.dxc5 Na6 6.a3 Bxc5 7.Nf3 d5 8.e3 O-O
9.b4 Be7 10.Bb2 Nc7 11.Be2 dxc4 12.Rd1 Qe8 13.Bxc4 b5 14.Bd3 a5 15.O-O Bb7
16.Qb3 axb4 17.axb4 Qb8 18.e4 Rd8 19.Rfe1 h6 20.h3 Qa7 21.Bc1 Bc6 22.Bb1 
Na6 23.Ne5 Be8 24.Na2 Qc7 25.Bb2 Rxd1 26.Rxd1 Rd8 27.Rxd8 Qxd8 28.Bc3 Qc7 
29.Bd3 Qb7 30.Qc2 Qc7 31.Nf3 Qb6 32.Qe2 Bc6 33.Nd4 Nc7 34.Nxc6 Qxc6 35.g3 
Nd7 36.Qb2 Bf6 37.Bxf6 Nxf6 38.Qd4 Nd7 39.Qc3 Qd6 40.f4 e5 41.f5 Nb8 42.
Kf2 Nc6 43.Ke3 h5 44.h4 Nd4 45.Be2 Nxf5+ 46.Kf2 Qb6+ 47.Kf1 Ne3+ 48.Ke1 
Ng4 49.Bxg4 hxg4 50.Qxe5 Qe3+ 51.Kd1 Ne6 52.Nc1 g6 53.h5 gxh5 54.Ne2 Qb3+ 
0-1

[Event "6th Konex it"]
[Site "Buenos Aires ARG"]
[Date "1988.04.??"]
[Round "11"]
[White "Cifuentes Parada, Roberto"]
[Black "Valiente, Cristobal"]
[Result "1-0"]
[WhiteElo "2530"]
[BlackElo "2320"]
[EventDate "1988.04.07"]
[PlyCount "79"]

1.d4 Nf6 2.Nf3 c5 3.d5 g6 4.Nc3 Bg7 5.e4 O-O 6.a4 d6 7.Be2 Na6 8.O-O Nc7 
9.Bf4 Nd7 10.Qd2 Re8 11.Rfe1 a6 12.Bf1 Rb8 13.e5 Nxe5 14.Nxe5 dxe5 15.Bxe5
Bf5 16.a5 Bxe5 17.Rxe5 Qd6 18.Rae1 b5 19.axb6 Rxb6 20.b3 Rb4 21.Bc4 Ne6 
22.f4 Nd4 23.Ne4 Bxe4 24.R5xe4 Rb7 25.Qd1 Rd8 26.Qd3 Nb5 27.f5 Ra7 28.fxg6
hxg6 29.Rf1 Nd4 30.Qh3 Nf5 31.g4 Ng7 32.Qh6 Rf8 33.Rf3 f5 34.gxf5 Rxf5 35.
Rh3 Qf6 36.Qh8+ Kf7 37.d6+ e6 38.Bxe6+ Nxe6 39.Rh7+ Ng7 40.Qe8# 1-0

[Event "6th Konex it"]
[Site "Buenos Aires ARG"]
[Date "1988.04.??"]
[Round "11"]
[White "Giardelli, Sergio Carlos"]
[Black "Tempone, Marcelo"]
[Result "1/2-1/2"]
[WhiteElo "2380"]
[BlackElo "2450"]
[EventDate "1988.04.07"]
[PlyCount "26"]

1.c4 e6 2.Nf3 Nf6 3.d4 d5 4.cxd5 exd5 5.Nc3 c6 6.Bg5 Be7 7.e3 Bf5 8.Bd3 
Bxd3 9.Qxd3 Nbd7 10.O-O O-O 11.Rfc1 Ne4 12.Bxe7 Qxe7 13.Nd2 f5 1/2-1/2

[Event "6th Konex it"]
[Site "Buenos Aires ARG"]
[Date "1988.04.??"]
[Round "11"]
[White "Franco Ocampos, Zenon"]
[Black "Paglilla, Carlos"]
[Result "1-0"]
[WhiteElo "2425"]
[BlackElo "2315"]
[EventDate "1988.04.07"]
[PlyCount "67"]

1.d4 d5 2.c4 e6 3.Nc3 Be7 4.Nf3 Nf6 5.cxd5 exd5 6.Bg5 O-O 7.e3 Nbd7 8.Qc2 
Re8 9.Bd3 c6 10.O-O h6 11.Bf4 Bf8 12.h3 a6 13.Rad1 b5 14.e4 b4 15.exd5 
bxc3 16.dxc6 Nb6 17.bxc3 Nbd5 18.Be5 Qa5 19.Rc1 Ba3 20.Rce1 Qxc3 21.Qxc3 
Nxc3 22.Bxf6 Rxe1 23.Rxe1 gxf6 24.Re8+ Kg7 25.Bf5 Bb7 26.Re3 Bxc6 27.Rxc3 
Bxf3 28.Rxa3 Be2 29.f3 Rb8 30.d5 Rb2 31.d6 Rd2 32.d7 Rd1+ 33.Kh2 Rd4 34.
Ra4 1-0

[Event "6th Konex it"]
[Site "Buenos Aires ARG"]
[Date "1988.04.??"]
[Round "11"]
[White "Milos, Gilberto"]
[Black "Cuasnicu, Oscar"]
[Result "1-0"]
[WhiteElo "2510"]
[BlackElo "2370"]
[EventDate "1988.04.07"]
[PlyCount "83"]

1.d4 Nf6 2.c4 e6 3.Nc3 d5 4.Nf3 Be7 5.Bg5 O-O 6.e3 h6 7.Bxf6 Bxf6 8.Rc1 c6
9.Bd3 Nd7 10.O-O dxc4 11.Bxc4 e5 12.h3 exd4 13.exd4 Nb6 14.Bb3 Bf5 15.Re1 
Qd6 16.Ne5 Bxe5 17.Rxe5 Bg6 18.Qg4 Rad8 19.Rce1 Kh8 20.Re7 Rd7 21.Qh4 Nc8 
22.Rxd7 Qxd7 23.d5 cxd5 24.Nxd5 Re8 25.Rd1 Qd8 26.Qb4 Qg5 27.Nf4 Nb6 28.
Nxg6+ Qxg6 29.a4 Qf6 30.a5 Nc8 31.Qxb7 Nd6 32.Qxa7 Qxb2 33.Qb6 Nc8 34.Qc6 
Rf8 35.Qc5 Kg8 36.Bc4 Qb8 37.Rd7 Qf4 38.Rxf7 Rxf7 39.Qxc8+ Kh7 40.Bxf7 
Qxf7 41.a6 Qa7 42.Qb7 1-0

[Event "6th Konex it"]
[Site "Buenos Aires ARG"]
[Date "1988.04.??"]
[Round "11"]
[White "Szmetan, Jorge"]
[Black "Slipak, Sergio David"]
[Result "1-0"]
[WhiteElo "2405"]
[BlackElo "2395"]
[EventDate "1988.04.07"]
[PlyCount "102"]

1.e4 c6 2.d3 g6 3.g3 Bg7 4.Bg2 Nf6 5.Ne2 O-O 6.O-O d5 7.Nd2 c5 8.exd5 Nxd5
9.Nc4 Nc6 10.Nf4 Nxf4 11.Bxf4 Be6 12.c3 Bd5 13.Be4 f5 14.Bxd5+ Qxd5 15.Qb3
e5 16.Be3 Rf7 17.f4 exf4 18.Bxf4 Re7 19.Rfe1 Rae8 20.Rxe7 Rxe7 21.Kf2 b6 
22.Nd2 Rd7 23.Qxd5+ Rxd5 24.Ke2 h6 25.h4 Ne5 26.Bxe5 Bxe5 27.Rg1 h5 28.Nf3
Bf6 29.Ke3 b5 30.d4 b4 31.cxb4 cxd4+ 32.Kd3 Rd8 33.Re1 Rb8 34.Re6 Kf7 35.
Ra6 Re8 36.Ng5+ Bxg5 37.hxg5 Re3+ 38.Kxd4 Rxg3 39.Rxa7+ Ke8 40.b5 Rg2 41.
b4 Kd8 42.b6 Kc8 43.a4 h4 44.a5 Ra2 45.Rh7 f4 46.Rxh4 f3 47.Rf4 f2 48.Rf7 
Kb8 49.Kc5 Re2 50.Kc6 Rc2+ 51.Kb5 Re2 1-0

[Event "6th Konex it"]
[Site "Buenos Aires ARG"]
[Date "1988.04.??"]
[Round "11"]
[White "Ricardi, Pablo"]
[Black "Hoffman, Alejandro"]
[Result "1/2-1/2"]
[WhiteElo "2415"]
[BlackElo "2390"]
[EventDate "1988.04.07"]
[PlyCount "143"]

1.d4 Nf6 2.c4 e6 3.Nf3 d5 4.Nc3 Be7 5.Bg5 O-O 6.e3 Nbd7 7.Rc1 a6 8.a4 dxc4
9.Bxc4 c5 10.O-O cxd4 11.exd4 Nb6 12.Ba2 Bd7 13.Re1 Bc6 14.Ne5 Nbd5 15.Bb1
Rc8 16.Qd3 g6 17.Bh6 Re8 18.Qh3 Nxc3 19.bxc3 Qd6 20.Bf4 Qd8 21.Bh6 Qd6 22.
Ba2 Bf8 23.Bxf8 Kxf8 24.Qh6+ Kg8 25.Bb1 Bxa4 26.Qf4 Qd8 27.Re3 Rc7 28.Rh3 
Nh5 29.Qh6 f5 30.Nxg6 hxg6 31.Qxg6+ Ng7 32.Re1 Rf7 33.Rh6 Kf8 34.Bxf5 Rxf5
35.Rh8+ Ke7 36.Qxg7+ Rf7 37.Rxe8+ Bxe8 38.Qg5+ Kd7 39.Qxd8+ Kxd8 40.Rxe6 
Re7 41.Rxe7 Kxe7 42.Kf1 Kd6 43.Ke2 Kd5 44.Kd2 Kc4 45.f4 a5 46.f5 a4 47.Kc2
a3 48.d5 b5 49.d6 Bc6 50.f6 Be4+ 51.Kd2 a2 52.d7 a1=Q 53.d8=Q Qxc3+ 54.Ke2
Bd3+ 55.Kf3 Bg6+ 56.Kf4 Qd4+ 57.Qxd4+ Kxd4 58.h4 b4 59.Kg5 b3 60.Kxg6 b2 
61.f7 b1=Q+ 62.Kg7 Qb7 63.g4 Ke5 64.g5 Kf5 65.g6 Qd7 66.h5 Kg5 67.Kg8 Kxh5
68.g7 Qe6 69.Kf8 Qh6 70.Ke8 Qe6+ 71.Kf8 Qd6+ 72.Ke8 1/2-1/2

[Event "6th Konex it"]
[Site "Buenos Aires ARG"]
[Date "1988.04.??"]
[Round "12"]
[White "Slipak, Sergio David"]
[Black "Hoffman, Alejandro"]
[Result "1/2-1/2"]
[WhiteElo "2395"]
[BlackElo "2390"]
[EventDate "1988.04.07"]
[PlyCount "156"]

1.e4 c5 2.Nf3 d6 3.c3 Nf6 4.Be2 Nc6 5.d4 cxd4 6.cxd4 d5 7.e5 Ne4 8.h3 e6 
9.O-O f5 10.exf6 Nxf6 11.Bf4 Bd6 12.Ne5 O-O 13.Nc3 Ne8 14.Nxc6 bxc6 15.
Bxd6 Qxd6 16.Rc1 e5 17.dxe5 Qxe5 18.Bg4 Nf6 19.Bxc8 Raxc8 20.Re1 Qg5 21.
Qd4 c5 22.Qe5 Qxe5 23.Rxe5 Rfd8 24.Re7 d4 25.Na4 Rd7 26.Rxd7 Nxd7 27.Rc4 
a5 28.a3 Rb8 29.Nxc5 Nxc5 30.Rxc5 Rxb2 31.Rxa5 d3 32.Rd5 d2 33.Kf1 Ra2 34.
Ke2 d1=Q+ 35.Kxd1 Rxa3 36.Ke2 Kf7 37.h4 Ra2+ 38.Ke3 Ra3+ 39.Kf4 Ra2 40.Kg3
Ra3+ 41.f3 Ra2 42.h5 Ra6 43.Kg4 Rb6 44.Ra5 Rc6 45.Ra7+ Kg8 46.f4 Rb6 47.g3
Rc6 48.Ra5 Rb6 49.Kf5 Rf6+ 50.Ke5 Rf8 51.h6 Re8+ 52.Kf5 Rf8+ 53.Kg5 g6 54.
g4 Rc8 55.Ra7 Rc5+ 56.Kf6 Rc8 57.Rg7+ Kh8 58.Rb7 Kg8 59.Rg7+ Kh8 60.Rd7 
Kg8 61.Ke7 Rf8 62.Rd8 Rxd8 63.Kxd8 Kf8 64.Kc7 Ke7 65.Kb6 Kf6 66.Ka5 Ke7 
67.Ka4 Ke8 68.Kb4 Kf8 69.Kc4 Kf7 70.Kd5 Ke7 71.Kc5 Kf7 72.Kb5 Ke7 73.Ka5 
Kf7 74.Kb5 Ke7 75.Kc5 Kf7 76.Kd6 Kf6 77.Kd7 Kf7 78.g5 Kg8 1/2-1/2

[Event "6th Konex it"]
[Site "Buenos Aires ARG"]
[Date "1988.04.??"]
[Round "12"]
[White "Cuasnicu, Oscar"]
[Black "Franco Ocampos, Zenon"]
[Result "0-1"]
[WhiteElo "2370"]
[BlackElo "2425"]
[EventDate "1988.04.07"]
[PlyCount "120"]

1.c4 Nf6 2.Nc3 d5 3.cxd5 Nxd5 4.g3 c5 5.Bg2 Nc7 6.d3 e5 7.f4 exf4 8.Bxf4 
Be7 9.Nf3 Nc6 10.O-O O-O 11.Rc1 Ne6 12.Bd2 Rb8 13.Kh1 b6 14.Ne4 Bb7 15.Bc3
Qd7 16.Qa4 Ba8 17.Nf2 b5 18.Qd1 Ncd4 19.Bxd4 Nxd4 20.Nxd4 Bxg2+ 21.Kxg2 
Qxd4 22.Qb3 Kh8 23.Nh3 Qe3 24.Qc2 Bf6 25.Rf3 Qe6 26.b3 Rbc8 27.Rcf1 Rc7 
28.Nf4 Qc6 29.e4 Bd4 30.Nd5 Rd7 31.h3 g6 32.g4 f5 33.Kh1 Rg8 34.Qg2 c4 35.
dxc4 bxc4 36.bxc4 Qxc4 37.Ne3 Qc5 38.Rd1 fxe4 39.Rff1 Re7 40.Rc1 Qg5 41.
Nc2 Bc5 42.Rce1 Rge8 43.Re2 e3 44.Qc6 Qe5 45.Qf6+ Qxf6 46.Rxf6 Rd7 47.Rf1 
Rd2 48.Rfe1 Rf8 49.Rxd2 exd2 50.Rd1 Rf2 51.Kg1 Kg7 52.a3 a5 53.a4 Kf6 54.
Na1 Kg5 55.Nb3 Be3 56.Nxa5 Rf5+ 57.Kg2 Rxa5 58.Kf3 Re5 59.a5 Kh4 60.a6 Bg5
0-1

[Event "6th Konex it"]
[Site "Buenos Aires ARG"]
[Date "1988.04.??"]
[Round "13"]
[White "Valiente, Cristobal"]
[Black "Tempone, Marcelo"]
[Result "1/2-1/2"]
[WhiteElo "2320"]
[BlackElo "2450"]
[EventDate "1988.04.07"]
[PlyCount "44"]

1.e4 c6 2.d4 d5 3.Nd2 dxe4 4.Nxe4 Bf5 5.Ng3 Bg6 6.Nf3 Nd7 7.h4 h6 8.h5 Bh7
9.Bd3 Bxd3 10.Qxd3 Qc7 11.Bd2 e6 12.O-O-O Ngf6 13.Ne4 Be7 14.Kb1 a5 15.g3 
Nxe4 16.Qxe4 a4 17.c4 Nf6 18.Qe2 O-O 19.g4 b5 20.g5 hxg5 21.Bxg5 bxc4 22.
Rdg1 Ne8 1/2-1/2

[Event "6th Konex it"]
[Site "Buenos Aires ARG"]
[Date "1988.04.??"]
[Round "13"]
[White "Cifuentes Parada, Roberto"]
[Black "Panno, Oscar"]
[Result "1/2-1/2"]
[WhiteElo "2530"]
[BlackElo "2515"]
[EventDate "1988.04.07"]
[PlyCount "104"]

1.d4 e6 2.Nf3 c5 3.c4 cxd4 4.Nxd4 a6 5.g3 Qc7 6.Nc3 Nf6 7.Qd3 Nc6 8.Nxc6 
Qxc6 9.e4 Bb4 10.Bg2 b5 11.cxb5 Bxc3+ 12.Qxc3 Qxc3+ 13.bxc3 axb5 14.Be3 
Bb7 15.f3 O-O 16.O-O Rfc8 17.Bd4 d6 18.Rfb1 e5 19.Bf2 Rxc3 20.Rxb5 Bc6 21.
Rb2 g5 22.Be1 Rd3 23.Rc2 Bd7 24.Rd2 Rxd2 25.Bxd2 h6 26.Bb4 d5 27.Bd6 dxe4 
28.Bxe5 exf3 29.Bxf3 Ra3 30.Bg2 Ng4 31.Bb2 Ra4 32.a3 Ne3 33.Bf3 Nc4 34.Bc1
Be6 35.Bc6 Ra7 36.Rb1 Kf8 37.Rb7 Rxb7 38.Bxb7 Bd7 39.Ba6 Ne5 40.Be2 Ke7 
41.Bd2 f6 42.Bb4+ Kf7 43.Bh5+ Kg7 44.Bd1 Bc6 45.Kf2 Nd3+ 46.Ke3 Nxb4 47.
axb4 f5 48.Kd4 Kf6 49.Be2 f4 50.b5 Bxb5 51.Bxb5 fxg3 52.hxg3 g4 1/2-1/2

[Event "6th Konex it"]
[Site "Buenos Aires ARG"]
[Date "1988.04.??"]
[Round "13"]
[White "Giardelli, Sergio Carlos"]
[Black "Urday Caceres, Henry"]
[Result "1-0"]
[WhiteElo "2380"]
[BlackElo "2425"]
[EventDate "1988.04.07"]
[PlyCount "55"]

1.d4 Nf6 2.Nf3 e6 3.e3 b6 4.Bd3 Bb7 5.O-O c5 6.b3 Be7 7.Bb2 O-O 8.c4 d5 9.
Nbd2 Nc6 10.Rc1 Rc8 11.Qe2 Re8 12.Rfd1 Bf8 13.a3 cxd4 14.exd4 dxc4 15.bxc4
g6 16.Bc2 Bh6 17.Ba4 Re7 18.Re1 Ba6 19.Bxc6 Rxc6 20.d5 Nxd5 21.Qe5 f6 22.
Qd4 Rd7 23.cxd5 Rxd5 24.Qb4 Bxd2 25.Nxd2 Rb5 26.Qe4 Rxc1 27.Qxe6+ Kg7 28.
Bxc1 1-0

[Event "6th Konex it"]
[Site "Buenos Aires ARG"]
[Date "1988.04.??"]
[Round "13"]
[White "Franco Ocampos, Zenon"]
[Black "Szmetan, Jorge"]
[Result "1-0"]
[WhiteElo "2425"]
[BlackElo "2405"]
[EventDate "1988.04.07"]
[PlyCount "67"]

1.d4 Nf6 2.Nf3 c5 3.d5 d6 4.Nc3 e6 5.e4 exd5 6.exd5 Be7 7.Bb5+ Bd7 8.a4 
O-O 9.O-O Na6 10.Re1 Nc7 11.Bxd7 Qxd7 12.Qd3 Rfe8 13.Bg5 h6 14.Bxf6 Bxf6 
15.Ne4 Be7 16.c3 b6 17.b4 Bf8 18.h3 cxb4 19.cxb4 Qf5 20.Rad1 Re7 21.Re3 
Qd7 22.Nc3 Rxe3 23.Qxe3 Na6 24.Rb1 Rc8 25.Nd4 Rc4 26.Nc6 Qf5 27.Qe8 Qf6 
28.Ne4 Qh4 29.Nxd6 Rf4 30.f3 Qg5 31.h4 Rxh4 32.Qxf7+ Kh7 33.Qxf8 Rh5 34.
Ne7 1-0

[Event "6th Konex it"]
[Site "Buenos Aires ARG"]
[Date "1988.04.??"]
[Round "13"]
[White "Milos, Gilberto"]
[Black "Hoffman, Alejandro"]
[Result "1-0"]
[WhiteElo "2510"]
[BlackElo "2390"]
[EventDate "1988.04.07"]
[PlyCount "83"]

1.e4 e5 2.Nf3 Nc6 3.Bb5 d6 4.O-O Nf6 5.Re1 Bd7 6.c3 Be7 7.d4 O-O 8.h3 Nxd4
9.Nxd4 exd4 10.Bxd7 Qxd7 11.cxd4 d5 12.e5 Ne4 13.Nc3 Nxc3 14.bxc3 a5 15.
Rb1 b5 16.Qd3 Rab8 17.f4 f5 18.Kh2 Rb6 19.Re2 g6 20.Bd2 Qc6 21.Be1 Rfb8 
22.Qe3 Qc4 23.Rbb2 Rd8 24.Qf3 Rc6 25.Rbc2 a4 26.Bg3 Rf8 27.Qf2 Qd3 28.Red2
Qe4 29.Rd1 b4 30.Re2 bxc3 31.Rxe4 fxe4 32.Rc1 Rb8 33.f5 Rb2 34.Qe3 c2 35.
f6 Bf8 36.Bf4 Rb1 37.Qf2 Rb2 38.e6 Rxe6 39.Rxc2 e3 40.f7+ Kxf7 41.Bxe3+ 
Rf6 42.Qxf6+ 1-0

[Event "6th Konex it"]
[Site "Buenos Aires ARG"]
[Date "1988.04.??"]
[Round "13"]
[White "Ricardi, Pablo"]
[Black "Slipak, Sergio David"]
[Result "1/2-1/2"]
[WhiteElo "2415"]
[BlackElo "2395"]
[EventDate "1988.04.07"]
[PlyCount "24"]

1.Nf3 Nf6 2.c4 d6 3.d4 Nbd7 4.Nc3 e5 5.e4 Be7 6.Be2 O-O 7.O-O c6 8.Qc2 Qc7
9.Bg5 h6 10.Bh4 Re8 11.Rad1 a6 12.c5 exd4 1/2-1/2

[Event "6th Konex it"]
[Site "Buenos Aires ARG"]
[Date "1988.04.??"]
[Round "14"]
[White "Valiente, Cristobal"]
[Black "Slipak, Sergio David"]
[Result "1/2-1/2"]
[WhiteElo "2320"]
[BlackElo "2395"]
[EventDate "1988.04.07"]
[PlyCount "35"]

1.e4 c6 2.d4 d5 3.exd5 cxd5 4.c4 Nf6 5.Nc3 g6 6.Bg5 Bg7 7.Bxf6 Bxf6 8.cxd5
Qb6 9.Bb5+ Nd7 10.Nge2 a6 11.Ba4 O-O 12.Bb3 Bg7 13.O-O Nf6 14.Re1 Qd6 15.
Ng3 b5 16.Re5 Qd8 17.Qe2 Bg4 18.f3 1/2-1/2

[Event "6th Konex it"]
[Site "Buenos Aires ARG"]
[Date "1988.04.??"]
[Round "14"]
[White "Ricardi, Pablo"]
[Black "Milos, Gilberto"]
[Result "0-1"]
[WhiteElo "2415"]
[BlackElo "2510"]
[EventDate "1988.04.07"]
[PlyCount "80"]

1.d4 Nf6 2.c4 c5 3.Nf3 cxd4 4.Nxd4 b6 5.f3 Bb7 6.e4 d6 7.Nc3 e6 8.Be2 Be7 
9.O-O O-O 10.Be3 Nbd7 11.Qd2 a6 12.Rfd1 Re8 13.Bf1 Qc7 14.Rac1 Rac8 15.Qf2
Qb8 16.Nc2 Bd8 17.Kh1 Bc7 18.Qg1 Kh8 19.Nb4 Rg8 20.Na4 Nc5 21.Nxc5 dxc5 
22.Nd3 a5 23.Bd2 g5 24.Bc3 Rg6 25.Rc2 Rh6 26.g4 Kg8 27.Qe3 Bxh2 28.Qxg5+ 
Rg6 29.Qxg6+ fxg6 30.Rxh2 Nd7 31.g5 Qg3 32.Nf2 Qxf3+ 33.Kg1 Bc6 34.Rd3 Qf4
35.Bd2 Qe5 36.Ng4 Qxe4 37.Nh6+ Kg7 38.Bc3+ e5 39.Rg3 Rf8 40.Ng4 Rxf1+ 0-1

[Event "6th Konex it"]
[Site "Buenos Aires ARG"]
[Date "1988.04.??"]
[Round "15"]
[White "Tempone, Marcelo"]
[Black "Urday Caceres, Henry"]
[Result "1-0"]
[WhiteElo "2450"]
[BlackElo "2425"]
[EventDate "1988.04.07"]
[PlyCount "65"]

1.Nf3 c5 2.e4 e6 3.c3 Nc6 4.d4 cxd4 5.cxd4 d5 6.e5 Bd7 7.Nc3 Qb6 8.a3 Rc8 
9.Na4 Qd8 10.b4 b6 11.Bd3 Nge7 12.O-O Nf5 13.Be3 Be7 14.Rc1 O-O 15.Nc3 
Nxe3 16.fxe3 f5 17.exf6 Bxf6 18.Qc2 g6 19.Ba6 Rb8 20.Qd3 Be8 21.Kh1 g5 22.
Qe2 Bg6 23.h3 Ne7 24.g4 Rf7 25.Qh2 Kg7 26.Kg1 h5 27.Rf2 hxg4 28.hxg4 Kg8 
29.Ne5 Rf8 30.Rcf1 Kg7 31.Qg3 Qc7 32.Nb5 Bxe5 33.Nxc7 1-0

[Event "6th Konex it"]
[Site "Buenos Aires ARG"]
[Date "1988.04.??"]
[Round "15"]
[White "Franco Ocampos, Zenon"]
[Black "Ricardi, Pablo"]
[Result "1-0"]
[WhiteElo "2425"]
[BlackElo "2415"]
[EventDate "1988.04.07"]
[PlyCount "90"]

1.Nf3 Nf6 2.c4 g6 3.Nc3 Bg7 4.e4 e5 5.Nxe5 Nxe4 6.Nxe4 Bxe5 7.d4 Bg7 8.Bg5
f6 9.Be3 O-O 10.Qd2 d5 11.Nc3 c6 12.cxd5 cxd5 13.g3 Nc6 14.Bg2 Be6 15.O-O 
Qd7 16.Rfe1 Rfe8 17.Bh6 Bf7 18.Bxg7 Kxg7 19.h3 Be6 20.Kh2 Re7 21.Rac1 Rae8
22.Na4 b6 23.Qc3 Bf5 24.Rf1 Nd8 25.b3 Be6 26.Qb4 Nf7 27.Nc3 Nh6 28.a4 Nf5 
29.Nb5 Qd8 30.Rfe1 Bf7 31.Rxe7 Rxe7 32.g4 a6 33.gxf5 axb5 34.fxg6 hxg6 35.
Qxb5 Qb8+ 36.Kg1 Qf4 37.Rd1 Re6 38.Qd3 Qg5 39.b4 Rc6 40.a5 bxa5 41.bxa5 
Be6 42.Qe3 Qh4 43.Ra1 Bc8 44.Bxd5 Rc2 45.Bg2 Ba6 1-0